A. WESLEY POWELL LEARNING RESOURCE CENTRE (WPLRC)

Wonderful Place to Learn, Research & Collaborate

A pocketbook of palliative care / (Record no. 19915)

MARC details
000 -LEADER
fixed length control field 00632nam a22002057a 4500
001 - ACCESSION NUMBER
control field 48194
003 - CONTROL NUMBER IDENTIFIER
control field OSt
005 - DATE AND TIME OF LATEST TRANSACTION
control field 20240125134717.0
008 - FIXED-LENGTH DATA ELEMENTS--GENERAL INFORMATION
fixed length control field 240125b |||||||| |||| 00| 0 eng d
020 ## - INTERNATIONAL STANDARD BOOK NUMBER
International Standard Book Number 007470138x
040 ## - CATALOGING SOURCE
Original cataloging agency DDC
Language of cataloging Eng.
Transcribing agency DDC
Modifying agency DDC
Description conventions DDC
082 ## - DEWEY DECIMAL CLASSIFICATION NUMBER
Classification number M/362.175
245 ## - TITLE STATEMENT
Title A pocketbook of palliative care /
Statement of responsibility, etc. Robin Hull
260 ## - PUBLICATION, DISTRIBUTION, ETC. (IMPRINT)
Place of publication, distribution, etc. New York :
Name of publisher, distributor, etc. McGraw-Hill Book Sydney,
Date of publication, distribution, etc. 1994.
300 ## - PHYSICAL DESCRIPTION
Extent viii, 118 p. :
Other physical details ill.;
Dimensions 17 cm.
504 ## - BIBLIOGRAPHY, ETC. NOTE
Bibliography, etc Includes bibliography and index.
600 ## - SUBJECT ADDED ENTRY--PERSONAL NAME
Source of heading or term PALLIATIVE TREATMENT - HANDBOOK, MANUALS ECT.
650 ## - SUBJECT ADDED ENTRY--TOPICAL TERM
Source of heading or term PALLIATIVE TREATMENT - HANDBOOK, MANUALS ECT.
942 ## - ADDED ENTRY ELEMENTS (KOHA)
Source of classification or shelving scheme Dewey Decimal Classification
Koha item type Circ Books
Holdings
Withdrawn status Lost status Source of classification or shelving scheme Damaged status Not for loan Home library Current library Date acquired Total Checkouts Full call number Barcode Date last seen Price effective from Koha item type
    Dewey Decimal Classification     Wesley Powell Learning Resource Centre Wesley Powell Learning Resource Centre 01/25/2024   M/362.175 HUL 48194 01/25/2024 01/25/2024 Circ Books